Нощта на котарака Филемон (Запис номер 145650)
[ съкратено ]
| 000 -Лидер | |
|---|---|
| Контролно поле с фиксирана дължина | 01443nam a2200337 c 4500 |
| 003 - Код на организацията, давaща контролен номер | |
| Контролно поле | BLK |
| 005 - Дата и час на последна редакция | |
| Контролно поле | 20180420233505.0 |
| 008 - Елементи от данни с фиксирана дължина | |
| fixed length control field | 180410b bul|||||r ||||||| ||bul|| |
| 010 ## - Наследен системен номер | |
| LC control number | KNG00151832000 |
| 020 ## - Международен стандартен номер на книга ISBN | |
| Международен стандартен номер на книга ISBN | 83-10-08992-9 |
| -- | издат.: Наша Кшенгарня |
| 040 ## - Източник на каталожния запис | |
| Идентификатор на билиотеката - собственик на записа | BLK |
| 041 ## - Код за език | |
| Код за езика на текст/звукозапис или на отделно заглавие | Български |
| Код за езика КДБФ | Български |
| 080 ## - УДК | |
| Текстов определител УДК | Полска литература |
| УДК код - определител по УДК | 821.162.1 |
| УДК определител | -93-34 |
| УДК - код + определител | 821.162.1-93-34 |
| 100 1# - Редна дума - Автор | |
| Автор | Грабовски, Славомир |
| Авторска отговорност | първи автор |
| R(LIN) | 328805 |
| 139 ## - Редно поле | |
| Редна дума | Грабовски, Славомир и др. |
| Авторски знак | Гра - Г 74 |
| 245 10 - Сведения за заглавието | |
| Заглавие | Нощта на котарака Филемон |
| Редно поле (дума) | Славомир Грабовски; съавт. Марек Нейман; худож. Юлита Карвовска-Внучак. |
| 257 ## - Страна на издаване | |
| Страна на създаване/издаване | Полша |
| 260 ## - Област на издателските данни | |
| -- | Варшава |
| Име на издателя, разпространителя и проч. | Наша Кшенгарня |
| Година на издаване | 1985 |
| Печатница | отпеч. в Полша |
| 300 ## - Физическа характеристика | |
| Страници | 24 с. |
| Илюстрации и др. | с ил. |
| Размери/Мащаб | 16Х16 см |
| 380 ## - Жанр | |
| Жанр | Детска худож. лит. |
| 500 ## - Общи забележки | |
| Забележка | Без сведение за ориг. загл. |
| 653 ## - Ключова дума – ненормативна | |
| Ключова дума | детска литература |
| 653 ## - Ключова дума – ненормативна | |
| Ключова дума | литература за деца |
| 700 1# - Други автори (авторска отговорност) | |
| Лично име | Нейман, Марек |
| Автороска отговорност (Описва отношението между автора и произведението) | съавт. |
| 9 (RLIN) | 101534 |
| 700 1# - Други автори (авторска отговорност) | |
| Лично име | Карвовска-Внучак, Юлита |
| Автороска отговорност (Описва отношението между автора и произведението) | худож. |
| 9 (RLIN) | 77020 |
| 852 ## - Местоположение | |
| Форматна сигнатура | Цб І 35226 |
| 856 4# - Електронен адрес и достъп | |
| Електронен формат | pdf - файл |
| Път до файла /url/ | |
| 856 4# - Електронен адрес и достъп | |
| Електронен формат | pdf - файл |
| Път до файла /url/ | |
| 942 ## - АРТИКУЛИ | |
| Вид на библиотечния материал | Книги |
| Скрит в OPAC | Не |
| 944 ## - СЪЗДАВАНЕ И РЕДАКЦИЯ на ЗАПИСА | |
| Създаване/Редакция | Създаване |
| Дата на регистрацията/редакция | 15.10.2013 |
| Статус, дата на статуса | 15.10.2013 - от С1,Р / 15.10.2013 |
| Служител, извършил регистрацията/редакцията | Ивайло_Василев |
| 944 ## - СЪЗДАВАНЕ И РЕДАКЦИЯ на ЗАПИСА | |
| Създаване/Редакция | Редакция |
| Дата на регистрацията/редакция | 15.10.2013 |
| Статус, дата на статуса | 15.10.2013 - от С1,Р / 15.10.2013 |
| Служител, извършил регистрацията/редакцията | |
| 999 ## - СИСТЕМНИ КОНТРОЛНИ НОМЕРА | |
| Koha biblionumber | 145650 |
| Koha biblioitemnumber | 145650 |
| Код за отписване | Код за изгубен артикул | Източник на класификационната схема | Код за повреда | Коз за рестрикции | Код за отдаване | Артикулен № | Име на библиотеката - собственик | Име на библиотеката, в която се намира в момента | Статус (Текущо местоположение) | Дата на вписване в системата | Местоположение - отдел | Цена в лева | Инвентарен номер | Систематично азбучна сигнатура | Баркод | Номер на екземпляра | Цена в евро | Служебна бележка | Служебен тип на артикула |
|---|---|---|---|---|---|---|---|---|---|---|---|---|---|---|---|---|---|---|---|
| Не е изгубен | Universal Decimal Classification | Не е повреден | без рестрикции | ползва се в читалня | 241942 | Регионална библиотека "Любен Каравелов" Русе | Регионална библиотека "Любен Каравелов" Русе | Хранилище | 1985-01-01 | Основен фонд - ползва се само за читалня | 0.35 | 442698 | Цб І 35226 | 120000442698 | 1 | 0.18 | N: стар фонд Дата: 01.01.1985 | Книги | |
| Изтеглен | Не е изгубен | Universal Decimal Classification | Не е повреден | без рестрикции | заемане за дома | 241943 | Регионална библиотека "Любен Каравелов" Русе | Регионална библиотека "Любен Каравелов" Русе | Детски отдел | 1985-01-01 | Детски отдел | 0.35 | 442699 | ДХ 820/899/Г 74 | 442699 | 2 | 0.18 | N: стар фонд Дата: 01.01.1985 Дата инв: 18.08.2015 Бележки инв: Д2015 | Книги |
| Изтеглен | Не е изгубен | Universal Decimal Classification | Не е повреден | без рестрикции | заемане за дома | 241944 | Регионална библиотека "Любен Каравелов" Русе | Регионална библиотека "Любен Каравелов" Русе | Детски отдел | 1985-01-01 | Детски отдел | 0.35 | 442702 | ДХ 820/899/Г 74 | 442702 | 3 | 0.18 | N: стар фонд Дата: 01.01.1985 Дата инв: 18.08.2015 Бележки инв: Д2015 | Книги |